| 000 | 00744nam a22001337a 4500 | ||
|---|---|---|---|
| 999 |
_c533299 _d533299 |
||
| 008 | 260508b ||||| |||| 00| 0 eng d | ||
| 100 |
_aSreejith, A. and Nair, Manju S. _960448 |
||
| 245 | _aSpecificities of financial inclusion: A study of savings and credit accounts of financially included households in Kerala | ||
| 260 | _aSocial Science in Perspective | ||
| 300 | _a18(1), Jan-Mar, 2026: p.27-46 | ||
| 520 | _aFinancial inclusion is considered to be a leading factor and a prerequisite condition for inclusive growth and thereby social inclusion. Among the states, Kerala is considered to be fully financial included state though it lacks inclusive growth. –Reproduced | ||
| 773 | _aSocial Science in Perspective | ||
| 942 | _cAR | ||